000 01666nam0a22003371 4500
001 rc\3806767
005 20120329111819.5
021 _aRU
_b[75-2284]
035 _a(NLR Aleph) 007263462
090 _a5332337
_c5332337
100 _a20120329d1975 |||y0rusy50 ca
101 0 _arus
102 _aRU
105 _aa j |||||
200 1 _aТехника безопасности при разработке россыпных месторождений
_e[Учебник для техникумов цв. металлургии]
_fПод общ. ред. канд. техн. наук П.Д. Чабана
210 _aМосква
_cНедра
_d1975
215 _a239 с.
_cил.
_d22
300 _aЗагл. 2-го изд.: Охрана труда при разработке россыпных месторождений
300 _aПеред загл. авт.: П.Д. Чабан, Е.П. Емлин, В.С. Литвинцев
320 _aСписок лит.: с. 233-235 (66 назв.)
320 _aПредм.-алф. указ.: с. 228-232
517 0 _aОхрана труда при разработке россыпных месторождений
606 _aРоссыпи полезных ископаемых
_xДобыча
_xТехника безопасности
_jУчебники и пособия
_2psbo
700 1 _aЧабан
_bП. Д.
_gПавел Данилович
701 1 _aЛитвинцев
_bВ. С.
_gВиктор Семенович
701 1 _aЕмлин
_bЕ. П.
_gЕвгений Петрович
801 0 _aRU
_bNLR
_gpsbo
801 1 _aRU
_bELAR
_2rusmarc
852 _aNLR
_j74-5/4720
942 _cBOOK
980 _aNB